Entrepreneurial Develoment (Record no. 6765)

MARC details
000 -LEADER
fixed length control field 00316nam a2200133Ia 4500
008 - FIXED-LENGTH DATA ELEMENTS--GENERAL INFORMATION
fixed length control field 220524s9999 xx 000 0 und d
041 ## - LANGUAGE CODE
Language code of text/sound track or separate title eng
082 ## - DEWEY DECIMAL CLASSIFICATION NUMBER
Classification number ---
100 ## - MAIN ENTRY--PERSONAL NAME
Personal name Jayshree Suresh
9 (RLIN) 6264
245 ## - TITLE STATEMENT
Title Entrepreneurial Develoment
260 ## - PUBLICATION, DISTRIBUTION, ETC. (IMPRINT)
Name of publisher, distributor, etc. Margham Publication
650 ## - SUBJECT ADDED ENTRY--TOPICAL TERM
Topical term or geographic name as entry element Management
9 (RLIN) 6265
906 ## - LOCAL DATA ELEMENT F, LDF (RLIN)
a 384
Holdings
Withdrawn status Lost status Damaged status Not for loan Home library Current library Date acquired Cost, normal purchase price Total Checkouts Total Renewals Full call number Barcode Date last seen Date last checked out Cost, replacement price Bill Date Koha item type Original Barcode
        School of Fashion Technology School of Fashion Technology 10/12/2001 0.00 7 1 --- SOFT-BK-2206 15/12/2023 11/12/2023 0.00 08/07/2022 Books 002206